Manual de derecho romano

Na minha lista:
Detalhes bibliográficos
Autor principal: Errázuriz Eguiguren, Maximiano (Author)
Formato: Livro
Idioma:espanhol
Publicado em: Santiago Jurídica de Chile 1986
Colecção:Manuales Jurídicos, 87, 89
Assuntos:
Tags: Adicionar Tag
Sem tags, seja o primeiro a adicionar uma tag!

MARC

LEADER 00000nam a2200000 a 4500
001 UCV1377
003 CL-VaPUC
008 900516e19860000CL |||||||||||||||||spa|d
082 0 4 |a 340.54  |b ERR  |2 21 
100 0 |a Errázuriz Eguiguren, Maximiano  |e author  |9 295624 
245 1 0 |a Manual de derecho romano 
300 |a 2 v 
942 |c BK 
945 |d 19900516 00:00:00 
260 |a Santiago  |b Jurídica de Chile  |c 1986 
650 0 |a Derecho romano  |9 255930 
650 0 |a Historia  |9 255047 
651 0 |a Roma   |9 255106 
583 |a last modification  |c 19900516 00:00:00  |k Rodrigo Vera 
490 0 |a Manuales Jurídicos, 87, 89 
999 |c 209351  |d 209349 
952 |0 0  |1 0  |4 0  |6 340_540000000000000_ERR_1986  |7 0  |8 A  |9 184701  |a BIBDER  |b BIBDER  |d 2019-11-14  |h v.1  |i 2520109  |o 340.54 ERR 1986  |p 2520109  |r 2023-01-25  |w 2019-11-14  |y BK  |k DER 
952 |0 0  |1 0  |4 0  |6 340_540000000000000_ERR_1986  |7 0  |8 A  |9 184702  |a BIBDER  |b BIBDER  |d 2019-11-14  |h v.2  |i 3265587  |o 340.54 ERR 1986  |p 3265587  |r 2023-01-25  |w 2019-11-14  |y BK  |k DER